000 00468pab a2200169 454500
008 180718b2004 xxu||||| |||| 00| 0 eng d
100 _aSinha, Sidharth
245 _aAgriculture insurance in India: scope for participation of private insurers
260 _c2004
300 _ap.2605-616.
362 _a19 Jun
650 _aInsurance -India
650 _aAgriculture - India
650 _aAgriculture
773 _aEconomic and Political Weekly
909 _a61197
999 _c61197
_d61197